LEADER 01321nam a2200277 a 4500 001 000000166530 003 CaOOAMICUS 005 20180309103030.0 008 180309s1953 it u000 u ita r 032 $aLibriCat 040 $aPUL$bita 100 1 $aMautino, Aldo.$0(OLS)http://pul/name/88955 245 13$aLa formazione della filosofia poltica di Benedetto Croce /$cAldo Mautino ; a cura di Norberto Bobbio. 250 $a3. ed. ; con uno studio sull'autore e la tradizione culturale torinese da Gobetti alla Resistenza di Gioele Solari. 260 $aBari :$bGius. Laterza & Figli,$c1953. 300 $aXII, 286 p. ;$c20 cm. 490 1 $aBiblioteca di cultura moderna ;$v503 600 14$aCroce, Benedetto,$d1866-1952$xFilosofia.$0(OLS)http://pul/subject/7274 700 1 $aSolari, Gioele,$d1872-1952.$0(OLS)http://pul/name/21034 830 0$aBiblioteca di cultura moderna (Editori Laterza) ;$v503.$0(OLS)http://pul/title/3128 850 $aPUL 852 $aPUL$W1$xDP1 Fondo Dalla Palma$y117$m1 A 25$j15078$qFondi$B193963$CPULBib$Z2$F193963 $HDal2492 $81 941 1 $a1 996 $6245$aLa formazione della filosofia poltica di Benedetto Croce$9(OLS)http://pul/title/174598 996 $6260$aBari :$bGius. Laterza & Figli$9(OLS)http://pul/publisher/70511 LEADER 01778nam a2200349 u 4500 001 000000055969 003 CaOOAMICUS 005 20150915151037.0 008 010326s1996 it u000 u ita u 020 $a8821303403 035 $a10870137 040 $aPUL(R)$bita 100 1 $aTacconi, Giuseppe.$0(OLS)http://pul/name/39311 245 13$aLa persona e oltre :$bsoggettività personale e soggettività ecclesiale nel contesto del pensiero di Tommaso Demaria /$cGiuseppe Tacconi. 260 $aRoma :$bLibreria Ateneo Salesiano,$c1996. 300 $a203 p.$c26 cm 490 1 $aBiblioteca di scienze religiose (Libreria Ateneo salesiano) ;$v124 504 $aBibliografia : p.185-198. 600 14$aDemaria, Tommaso,$d1908-1996.$0(OLS)http://pul/subject/22634 650 4$aPersonalità$xEvoluzione$xAspetti sociali e religiosi.$0(OLS)http://pul/subject/62 830 0$aBiblioteca di scienze religiose (Libreria Ateneo salesiano) ;$v124.$0(OLS)http://pul/title/491 850 $aPUL 852 $aPUL$W1$xSL Religione 2$y84$mTheol A3 124$j73503$n $b $qStampati altre collocazioni$B73503$CPULBib$Z2$F73503 $H $81 852 $aPUL$W1$xDP1 Fondo S. Lanza$y121$m3 O 22.124$j168631$qFondi$B169251$CPULBib$Z2$F169251 $HLAN222 $82 941 1 $a10 941 1 $a1 961 $aINV: 79515 983 0$aNuova biblioteca di scienze religiose. 983 0$aBiblioteca di scienze religiose (LAS) 996 $6020$a8821303403$9(OLS)http://pul/number/70482 996 $6245$aLa persona e oltre :$bsoggettività personale e soggettività ecclesiale nel contesto del pensiero di Tommaso Demaria$9(OLS)http://pul/title/74891 996 $6260$aRoma :$bLibreria Ateneo Salesiano$9(OLS)http://pul/publisher/49545